000 00580nam a2200205Ii 4500
001 16740
003 CO-ViMGA
008 241108s9999||||xx |||||||||||||| ||und||
040 _aCO-ViMGA
_bspa
_erda
_cCO-ViMGA
041 0 _aspa
084 _aN SAG1b
100 1 _aFrancoise Sagan
_947030
245 1 0 _aBuenos días, tristeza
264 1 _aMadrid, España : Círculo de Lectores, 1969
300 _avolumen
336 _atext
_btxt
_2rdacontent
337 _aunmediated
_bn
_2rdamedia
338 _avolume
_bnc
_2rdacarrier
940 _aidficha_siabuc: 16409. -- ficha_no_siabuc:16740
999 _c41609
_d41609